[Event "XXXVIII Festival A"]
[Site "Imperia ITA"]
[Date "1996.09.??"]
[Round "4"]
[White "Malano, Francesco"]
[Black "Bonugli, Carlo"]
[WhiteElo "2080"]
[BlackElo "2070"]
[Result "1-0"]
[PlyCount "73"]
[EventDate "1996.09.01"]

1. Nf3 Nf6 2. g3 g6 3. b3 Bg7 4. Bb2 O-O 5. Bg2 Nc6 6. d4 d5 7. O-O Bf5 8. Ne5
Nxe5 9. dxe5 Ng4 10. Bxd5 Nxe5 11. Nc3 c6 12. Be4 Qc8 13. Bg2 Bh3 14. e4 Bxg2
15. Kxg2 Qe6 16. Qe2 Rad8 17. Rad1 Qc8 18. f4 Nd7 19. e5 Nb6 20. Ne4 Rxd1 21.
Rxd1 Rd8 22. c4 Nd7 23. Ba3 Kf8 24. e6 fxe6 25. Ng5 Bf6 26. Nxe6+ Kf7 27. Nxd8+
Qxd8 28. Qd3 Qa5 29. Bxe7 Bxe7 30. Qxd7 Qxa2+ 31. Rd2 Qxb3 32. Re2 Qb4 33. f5
gxf5 34. Qxf5+ Kg8 35. Qe6+ Kf8 36. Rf2+ Ke8 37. Qc8+ 1-0

[Event "XXXVIII Festival A"]
[Site "Imperia ITA"]
[Date "1996.09.??"]
[Round "4"]
[White "Micheli, Carlo"]
[Black "Bozzali, Ermanno"]
[WhiteElo "2305"]
[BlackElo "2195"]
[Result "1-0"]
[PlyCount "59"]
[EventDate "1996.09.01"]

1. e4 c5 2. Nf3 d6 3. c3 Nc6 4. d4 cxd4 5. cxd4 Bg4 6. d5 Bxf3 7. gxf3 Ne5 8.
f4 Nd7 9. Nc3 a6 10. Bh3 Ngf6 11. Qe2 Qc7 12. O-O O-O-O 13. Be3 Kb8 14. Rfc1 g6
15. b4 Rc8 16. Na4 Qd8 17. Rxc8+ Qxc8 18. Rc1 Qd8 19. Qc4 Bh6 20. Qd4 b6 21.
Rc6 e5 22. dxe6 fxe6 23. Bxe6 Re8 24. Rxd6 Qc7 25. Bxd7 Nxd7 26. Rxd7 Qc6 27.
Qxb6+ Qxb6 28. Nxb6 Rxe4 29. Nd5 Rc4 30. Rxh7 1-0

[Event "XXXVIII Festival A"]
[Site "Imperia ITA"]
[Date "1996.09.??"]
[Round "4"]
[White "Mokosch, Andreas"]
[Black "Lips, Frantisek"]
[WhiteElo "2180"]
[BlackElo "2048"]
[Result "1/2-1/2"]
[PlyCount "28"]
[EventDate "1996.09.01"]

1. e4 e6 2. d3 d5 3. Nd2 c5 4. g3 Nc6 5. Bg2 d4 6. f4 e5 7. Ndf3 exf4 8. gxf4
Be7 9. Ne2 Nf6 10. O-O Bg4 11. h3 Bxf3 12. Rxf3 Nh5 13. Bd2 Bh4 14. Rf1 g6
1/2-1/2

[Event "XXXVIII Festival A"]
[Site "Imperia ITA"]
[Date "1996.09.??"]
[Round "4"]
[White "Mollero, Michele"]
[Black "Colombo, Paolo"]
[WhiteElo "2030"]
[BlackElo "2205"]
[Result "1-0"]
[PlyCount "55"]
[EventDate "1996.09.01"]

1. e4 e6 2. d4 d5 3. e5 c5 4. c3 Nc6 5. Nf3 Qb6 6. a3 a5 7. b3 Bd7 8. Be3 cxd4
9. cxd4 Nge7 10. Bd3 Nf5 11. O-O Be7 12. Nc3 Nxe3 13. fxe3 f6 14. Kh1 O-O 15.
Qc2 f5 16. g4 fxg4 17. Bxh7+ Kh8 18. Rg1 Rxf3 19. Rxg4 Nxe5 20. Rxg7 Kxg7 21.
Qg2+ Kxh7 22. Rg1 Bf6 23. dxe5 Be8 24. exf6 Qc7 25. Qxf3 Qe5 26. f7 Bxf7 27.
Qxf7+ Kh8 28. Rg6 1-0

[Event "XXXVIII Festival A"]
[Site "Imperia ITA"]
[Date "1996.09.??"]
[Round "4"]
[White "Mozny, Milos"]
[Black "Jurek, Josef"]
[WhiteElo "2420"]
[BlackElo "2380"]
[Result "1/2-1/2"]
[PlyCount "20"]
[EventDate "1996.09.01"]

1. d4 d5 2. Nf3 Nf6 3. c4 e6 4. Nc3 Be7 5. cxd5 exd5 6. Bg5 c6 7. e3 Bf5 8. Bd3
Bxd3 9. Qxd3 Nbd7 10. O-O O-O 1/2-1/2

[Event "XXXVIII Festival A"]
[Site "Imperia ITA"]
[Date "1996.09.??"]
[Round "4"]
[White "Mrdja, Milan"]
[Black "Wohl, Aleksandar H."]
[WhiteElo "2455"]
[BlackElo "2400"]
[Result "1-0"]
[PlyCount "73"]
[EventDate "1996.09.01"]

1. e4 Nf6 2. e5 Nd5 3. d4 d6 4. c4 Nb6 5. exd6 exd6 6. Nc3 Be7 7. Bd3 Nc6 8.
Nge2 Bg4 9. f3 Bh5 10. Nf4 Bg6 11. Be2 Bg5 12. O-O Bxf4 13. Bxf4 Qf6 14. Be3
O-O 15. Qd2 Rfe8 16. d5 Ne5 17. b3 Qf5 18. Nb5 Re7 19. Nd4 Qd7 20. f4 c5 21.
Nb5 a6 22. fxe5 axb5 23. exd6 Qxd6 24. Bf4 Qd7 25. d6 Re4 26. cxb5 Rd4 27. Qc1
Nd5 28. Bg3 b6 29. a4 Re8 30. Bf3 h5 31. Rd1 Rxd1+ 32. Qxd1 Nb4 33. Qd2 Bc2 34.
a5 Bxb3 35. axb6 Qxb5 36. b7 Ba4 37. d7 1-0

[Event "XXXVIII Festival A"]
[Site "Imperia ITA"]
[Date "1996.09.??"]
[Round "4"]
[White "Plesek, Jiri"]
[Black "Pax, Horst"]
[WhiteElo "2290"]
[BlackElo "2180"]
[Result "1-0"]
[PlyCount "59"]
[EventDate "1996.09.01"]

1. d4 Nf6 2. c4 g6 3. Nf3 Bg7 4. Nc3 d5 5. cxd5 Nxd5 6. e4 Nxc3 7. bxc3 O-O 8.
Be2 c5 9. O-O cxd4 10. cxd4 Nc6 11. Be3 Bg4 12. d5 Bxa1 13. Qxa1 Na5 14. Bh6 f6
15. Bxf8 Qxf8 16. Qd4 Qd8 17. Rd1 Rc8 18. h3 Bxf3 19. Bxf3 Rc4 20. Qxa7 Rc2 21.
Bg4 Qc7 22. Be6+ Kg7 23. Qa8 Rc1 24. Qg8+ Kh6 25. Qf8+ Kh5 26. Bg4+ Kg5 27. g3
Qc5 28. Rxc1 Qxc1+ 29. Kg2 Qc2 30. Bf5 1-0

[Event "XXXVIII Festival A"]
[Site "Imperia ITA"]
[Date "1996.09.??"]
[Round "4"]
[White "Pujos, Stephane"]
[Black "Keller, Rudolf"]
[WhiteElo "2033"]
[BlackElo "2280"]
[Result "1/2-1/2"]
[PlyCount "93"]
[EventDate "1996.09.01"]

1. d4 Nf6 2. c4 e6 3. Nf3 d5 4. Nc3 Be7 5. Bg5 c6 6. e3 Nbd7 7. Qc2 O-O 8.
O-O-O b6 9. Ne5 Nxe5 10. dxe5 Nd7 11. Bf4 Bb7 12. Bd3 g6 13. h4 Nc5 14. Be2 a5
15. Bh6 Re8 16. f4 Kh8 17. g4 Rg8 18. Bg5 Kg7 19. Kb1 h6 20. Bxe7 Qxe7 21. h5
g5 22. Rhf1 Nd7 23. Rf2 Rad8 24. Rdf1 Rgf8 25. cxd5 exd5 26. Qf5 gxf4 27. exf4
Kh8 28. Bd3 f6 29. Qg6 Qg7 30. e6 Nc5 31. e7 Qxe7 32. Qxh6+ Kg8 33. Re2 Qg7 34.
Qxg7+ Kxg7 35. Bg6 Rd7 36. Rfe1 Rfd8 37. Bf5 Rf7 38. h6+ Kxh6 39. Rh2+ Kg7 40.
Rh7+ Kg8 41. Rh6 Bc8 42. Bxc8 Rxc8 43. Reh1 Rff8 44. f5 Rcd8 45. Rh8+ Kf7 46.
R8h7+ Kg8 47. Rh8+ 1/2-1/2

[Event "XXXVIII Festival A"]
[Site "Imperia ITA"]
[Date "1996.09.??"]
[Round "4"]
[White "Reznicek, Tomas"]
[Black "Viaggi, Giovanni"]
[WhiteElo "2265"]
[BlackElo "2120"]
[Result "1/2-1/2"]
[PlyCount "75"]
[EventDate "1996.09.01"]

1. e4 e5 2. Nf3 Nc6 3. Bb5 a6 4. Ba4 Nf6 5. O-O Be7 6. Re1 b5 7. Bb3 d6 8. h3
O-O 9. c3 Na5 10. Bc2 c5 11. d4 Qc7 12. Nbd2 cxd4 13. cxd4 Rd8 14. d5 Bd7 15.
Nf1 Rdc8 16. Bd3 Nc4 17. b3 Nb6 18. Be3 a5 19. Qe2 b4 20. N3d2 a4 21. g4 axb3
22. axb3 g6 23. Ba6 Rcb8 24. Ng3 Qd8 25. Kh2 Bf8 26. Rg1 Kh8 27. Raf1 Nxg4+ 28.
hxg4 Qh4+ 29. Kg2 Bxg4 30. f3 Bh3+ 31. Kf2 Bxf1 32. Kxf1 Nd7 33. Kg2 Bg7 34.
Qc4 Qd8 35. Bb5 Nc5 36. Bc6 Ra2 37. Rc1 Bf6 38. Rc2 1/2-1/2

[Event "XXXVIII Festival A"]
[Site "Imperia ITA"]
[Date "1996.09.??"]
[Round "4"]
[White "Sejkora, Vlastimil"]
[Black "Rossi, Giampiero"]
[WhiteElo "2235"]
[BlackElo "2105"]
[Result "1-0"]
[PlyCount "57"]
[EventDate "1996.09.01"]

1. e4 c5 2. Nf3 e6 3. d4 cxd4 4. Nxd4 a6 5. Bd3 Nc6 6. c3 Qc7 7. O-O Nf6 8. Bg5
Be7 9. Nd2 h6 10. Be3 O-O 11. f4 b5 12. Rc1 Bb7 13. Kh1 d6 14. Qe2 Rfc8 15. c4
bxc4 16. Rxc4 d5 17. exd5 Nxd5 18. Rfc1 Nxd4 19. Bxd4 Qd7 20. Be5 Rxc4 21. Nxc4
Rc8 22. b3 Nb4 23. Rd1 Qc6 24. Na5 Qd5 25. Nxb7 Qxb7 26. Bxa6 Qc6 27. Bxc8 Qxc8
28. a4 Nd5 29. a5 1-0

[Event "XXXVIII Festival A"]
[Site "Imperia ITA"]
[Date "1996.09.??"]
[Round "4"]
[White "Tortarolo, Massimiliano"]
[Black "Mocchi, Tullio"]
[WhiteElo "2235"]
[BlackElo "2161"]
[Result "0-1"]
[PlyCount "90"]
[EventDate "1996.09.01"]

1. e4 c5 2. Nf3 e6 3. d4 cxd4 4. Nxd4 a6 5. Bd3 Qc7 6. Qe2 d6 7. f4 Nc6 8. Be3
Bd7 9. O-O Nf6 10. Nc3 Be7 11. Nb3 b5 12. a4 b4 13. Nb1 Bc8 14. N1d2 O-O 15. a5
d5 16. e5 Nd7 17. Qh5 g6 18. Qh6 Re8 19. Nf3 Bf8 20. Qh3 f6 21. exf6 Nxf6 22.
Bb6 Qg7 23. Ne5 Nxe5 24. fxe5 Nd7 25. Bd4 Nb8 26. Rae1 Nc6 27. Bb6 Rb8 28. Qg3
Rb7 29. Rf6 Be7 30. Rf3 Rxb6 31. axb6 Bd8 32. h4 Bxb6+ 33. Kh1 Bc7 34. Rfe3 Rf8
35. Nd2 Qh6 36. Nf3 Rf4 37. Qg5 Qf8 38. h5 Bd8 39. Qg3 Qh6 40. Qh2 a5 41. g3
Rf7 42. Nd2 g5 43. R3e2 Nd4 44. Rf2 Rxf2 45. Qxf2 Qxh5+ 0-1

[Event "XXXVIII Festival A"]
[Site "Imperia ITA"]
[Date "1996.09.??"]
[Round "4"]
[White "Vasicek, Martin"]
[Black "Zedek, Alois"]
[WhiteElo "2125"]
[BlackElo "2275"]
[Result "0-1"]
[PlyCount "80"]
[EventDate "1996.09.01"]

1. d4 Nf6 2. Nf3 d5 3. Bf4 e6 4. Nbd2 Be7 5. e3 Nbd7 6. Bd3 c5 7. c3 O-O 8. Ne5
Re8 9. h4 Nf8 10. h5 Qb6 11. Rb1 Bd7 12. Rh3 Bb5 13. Bc2 Ne4 14. Nxe4 dxe4 15.
Rg3 f5 16. Bh6 Bf6 17. Bxg7 Bxg7 18. h6 Re7 19. Qh5 Qc7 20. Qg5 cxd4 21. exd4
Rd8 22. Bb3 Be8 23. hxg7 Rxg7 24. Qxf5 Rxg3 25. Bxe6+ Kg7 26. fxg3 Bg6 27. Qg4
e3 28. Nxg6 hxg6 29. Ke2 Qb6 30. d5 Nxe6 31. Qxe6 Qb5+ 32. Ke1 Rf8 33. Qe5+ Rf6
34. c4 Qxc4 35. Qe7+ Rf7 36. Qe5+ Kh7 37. Qxe3 Qf1+ 38. Kd2 Qxb1 39. Qd4 Qf5
40. Qh4+ Kg8 0-1

[Event "XXXVIII Festival A"]
[Site "Imperia ITA"]
[Date "1996.09.??"]
[Round "4"]
[White "Ventura, Boris"]
[Black "Pegoraro, Nicola"]
[WhiteElo "2190"]
[BlackElo "2034"]
[Result "1/2-1/2"]
[PlyCount "29"]
[EventDate "1996.09.01"]

1. d4 f5 2. f4 Nf6 3. Nf3 e6 4. c4 c6 5. Nc3 Bb4 6. g3 O-O 7. Bg2 d6 8. O-O
Bxc3 9. bxc3 d5 10. Qb3 Qc7 11. Ba3 Re8 12. Rfc1 Nbd7 13. Ne5 Nxe5 14. dxe5 Ng4
15. cxd5 1/2-1/2

[Event "XXXVIII Festival A"]
[Site "Imperia ITA"]
[Date "1996.09.??"]
[Round "4"]
[White "Vismara, Daniele"]
[Black "Astengo, Marcello"]
[WhiteElo "2155"]
[BlackElo "2115"]
[Result "1-0"]
[PlyCount "39"]
[EventDate "1996.09.01"]

1. e4 e6 2. d4 d5 3. e5 c5 4. c3 Nc6 5. Nf3 Qb6 6. a3 Bd7 7. b4 cxd4 8. cxd4
Rc8 9. Bb2 Be7 10. Nc3 Nh6 11. Rc1 O-O 12. Na4 Qd8 13. Nc5 b6 14. Nxd7 Qxd7 15.
Ba6 Rc7 16. Bb5 Qc8 17. Qc2 f5 18. Bxc6 b5 19. O-O Kf7 20. Be8+ 1-0

[Event "XXXVIII Festival A"]
[Site "Imperia ITA"]
[Date "1996.09.??"]
[Round "4"]
[White "Wagman, Stuart"]
[Black "Travaglini, Alberto"]
[WhiteElo "2195"]
[BlackElo "2021"]
[Result "1/2-1/2"]
[PlyCount "36"]
[EventDate "1996.09.01"]

1. e4 c5 2. Nf3 d6 3. d4 cxd4 4. Nxd4 Nf6 5. Nc3 a6 6. Bc4 e6 7. Bb3 b5 8. O-O
Be7 9. Qf3 Qb6 10. Be3 Qb7 11. Qg3 Nbd7 12. f3 O-O 13. Kh1 Nc5 14. Bh6 Ne8 15.
Bg5 Nxb3 16. axb3 Nf6 17. Bh6 Ne8 18. Bg5 Nf6 1/2-1/2

[Event "XXXVIII Festival A"]
[Site "Imperia ITA"]
[Date "1996.09.??"]
[Round "5"]
[White "Astengo, Marcello"]
[Black "Fusari, Paolo"]
[WhiteElo "2115"]
[BlackElo "1903"]
[Result "1-0"]
[PlyCount "83"]
[EventDate "1996.09.01"]

1. d4 Nf6 2. c4 c5 3. d5 b5 4. cxb5 a6 5. bxa6 Bxa6 6. Nc3 g6 7. g3 d6 8. Bg2
Bg7 9. Nh3 Nbd7 10. O-O O-O 11. Qc2 Qb6 12. Ng5 Rfb8 13. h3 Bc4 14. f4 h6 15.
Nxf7 Kxf7 16. g4 Qb7 17. g5 Nxd5 18. f5 h5 19. f6 exf6 20. Ne4 Qa6 21. Qxc4
Qxc4 22. Nxd6+ Ke6 23. Nxc4 f5 24. Rd1 Bd4+ 25. e3 Ra4 26. Bxd5+ Kxd5 27. Na3
Ne5 28. Kg2 Ke4 29. exd4 cxd4 30. b3 Ra7 31. Nc2 d3 32. Re1+ Kd5 33. Ne3+ Kc5
34. Nd1 Kd5 35. Nc3+ Kd6 36. Bf4 Ra5 37. Rad1 Kc6 38. Rxe5 Rxe5 39. Bxe5 Re8
40. Bf4 Rd8 41. Kf3 Rd7 42. Ke3 1-0

[Event "XXXVIII Festival A"]
[Site "Imperia ITA"]
[Date "1996.09.??"]
[Round "5"]
[White "Babula, Vlastimil"]
[Black "Sejkora, Vlastimil"]
[WhiteElo "2545"]
[BlackElo "2235"]
[Result "0-1"]
[PlyCount "70"]
[EventDate "1996.09.01"]

1. e4 c5 2. Nf3 d6 3. d4 cxd4 4. Nxd4 Nf6 5. Nc3 e6 6. Bc4 a6 7. a3 Qc7 8. Ba2
Be7 9. O-O Nc6 10. Kh1 Bd7 11. f4 O-O 12. Nf3 Rad8 13. Qe1 b5 14. e5 Ne8 15.
Bd2 g6 16. Rd1 Bc8 17. Qg3 Ng7 18. exd6 Bxd6 19. Ng5 h6 20. Nce4 Nh5 21. Qh4
hxg5 22. fxg5 Be5 23. Rde1 Rxd2 24. Nxd2 Nd4 25. Ne4 Nf5 26. Qh3 Bb7 27. Rf3
Rd8 28. Rd3 Bxe4 29. Rxe4 Rxd3 30. Qxd3 Bxh2 31. Re1 Bg3 32. Rd1 Qf4 33. Qf3
Qh4+ 34. Kg1 Nf4 35. Rd8+ Kh7 0-1

[Event "XXXVIII Festival A"]
[Site "Imperia ITA"]
[Date "1996.09.??"]
[Round "5"]
[White "Bonugli, Carlo"]
[Black "Pax, Horst"]
[WhiteElo "2070"]
[BlackElo "2180"]
[Result "0-1"]
[PlyCount "44"]
[EventDate "1996.09.01"]

1. e4 c5 2. Nc3 e6 3. g3 Nc6 4. Bg2 g6 5. d3 Bg7 6. f4 d6 7. Nf3 Nge7 8. O-O
O-O 9. Be3 Nd4 10. Rb1 Qa5 11. Nd2 Rb8 12. Nc4 Qc7 13. Ne2 b5 14. Nd2 b4 15.
Nxd4 cxd4 16. Bf2 Ba6 17. g4 f5 18. Nb3 e5 19. fxe5 dxe5 20. gxf5 gxf5 21. exf5
Nxf5 22. Rc1 Bh6 0-1

[Event "XXXVIII Festival A"]
[Site "Imperia ITA"]
[Date "1996.09.??"]
[Round "5"]
[White "Bozzali, Ermanno"]
[Black "Pujos, Stephane"]
[WhiteElo "2195"]
[BlackElo "2033"]
[Result "1-0"]
[PlyCount "167"]
[EventDate "1996.09.01"]

1. e4 c5 2. Nf3 d6 3. d4 cxd4 4. Nxd4 Nf6 5. Nc3 a6 6. Bc4 e6 7. Bb3 b5 8. O-O
b4 9. Na4 Bd7 10. f4 Qa5 11. c3 Nxe4 12. f5 d5 13. fxe6 fxe6 14. Qh5+ Kd8 15.
Qf7 Nc5 16. Bg5+ Kc8 17. Rac1 Nc6 18. Nxc6 Bxc6 19. cxb4 Qxb4 20. Nxc5 Bxc5+
21. Kh1 Re8 22. Be3 Ra7 23. Qxe8+ Bxe8 24. Bxc5 Qb5 25. Bxa7+ Kd8 26. Bd4 Bg6
27. Bxg7 Ke7 28. Be5 Be4 29. Rf2 h5 30. h3 Bf5 31. Rc3 Qb6 32. Rd2 Be4 33. Bc2
Kf7 34. Bxe4 dxe4 35. Rc7+ Kg6 36. Rcc2 Qb5 37. Rf2 Qxe5 38. Rc8 Kg7 39. Rcc2
e3 40. Rfe2 Qd4 41. Re1 a5 42. Rce2 a4 43. b3 axb3 44. axb3 Qb6 45. Rxe3 Kf7
46. Rf3+ Kg6 47. Re4 Qd6 48. Rfe3 Qd1+ 49. Kh2 Qd6+ 50. Kg1 Qd1+ 51. Kf2 Qc2+
52. Kg3 Qc7+ 53. Kf3 Qc6 54. b4 Kg7 55. Re2 Qb7 56. Kg3 Qb8+ 57. Kh4 Kf7 58.
Re5 Qxb4+ 59. Kxh5 Qb1 60. R5e4 Qd3 61. Kg4 Qc3 62. h4 Qg7+ 63. Kh3 Qf6 64.
Rxe6 Qf5+ 65. Kh2 Qf4+ 66. g3 Qf1 67. R6e4 Kg6 68. Re6+ Kh7 69. h5 Kg7 70. R2e4
Qf3 71. R6e5 Qf2+ 72. Kh3 Kh6 73. Kg4 Qg2 74. Re6+ Kg7 75. Re3 Qd2 76. Kg5 Qd5+
77. R6e5 Qd8+ 78. Re7+ Kf8 79. g4 Qa5+ 80. R3e5 Qd2+ 81. Kg6 Qd3+ 82. Kh6 Qb1
83. g5 Qh7+ 84. Rxh7 1-0

[Event "XXXVIII Festival A"]
[Site "Imperia ITA"]
[Date "1996.09.??"]
[Round "5"]
[White "Bozzi, Gianni"]
[Black "Budka, Jan"]
[WhiteElo "2250"]
[BlackElo "2018"]
[Result "1-0"]
[PlyCount "79"]
[EventDate "1996.09.01"]

1. d4 e6 2. g3 Nf6 3. Bg2 c5 4. Nf3 Nc6 5. O-O d5 6. c4 dxc4 7. Ne5 Nxe5 8.
dxe5 Qxd1 9. Rxd1 Nd5 10. e4 Nb4 11. Na3 Bd7 12. Nxc4 Be7 13. b3 b5 14. Ne3 Bc6
15. a3 Na6 16. Bf1 Nc7 17. f3 O-O 18. Bd2 Rac8 19. a4 bxa4 20. bxa4 Rfd8 21.
Nc4 Na8 22. a5 Rd7 23. Be3 Rxd1 24. Rxd1 Rb8 25. Nd6 Bd8 26. Bxc5 Bxa5 27. Bxa7
Rb3 28. Rc1 Rc3 29. Ra1 Bc7 30. Bd4 Rc2 31. Bb5 Nb6 32. Bxc6 Rxc6 33. Kg2 h6
34. Bxb6 Bxb6 35. Ra8+ Kh7 36. Nxf7 Rc2+ 37. Kh3 Bg1 38. f4 h5 39. Ng5+ Kg6 40.
Nf3 1-0

[Event "XXXVIII Festival A"]
[Site "Imperia ITA"]
[Date "1996.09.??"]
[Round "5"]
[White "Cech, Pavel"]
[Black "Lanzani, Mario"]
[WhiteElo "2325"]
[BlackElo "2355"]
[Result "1/2-1/2"]
[PlyCount "88"]
[EventDate "1996.09.01"]

1. d4 d5 2. c4 dxc4 3. e3 Nf6 4. Bxc4 e6 5. Nf3 c5 6. O-O Nc6 7. Nc3 a6 8. a4
cxd4 9. exd4 Be7 10. Re1 O-O 11. Bg5 Nd5 12. Bxd5 Bxg5 13. Bxc6 bxc6 14. Nxg5
Qxg5 15. Ne4 Qd5 16. Rc1 e5 17. dxe5 Qxe5 18. Rc3 Rb8 19. Nc5 Qf6 20. Qe2 h6
21. h3 Rb4 22. Rf3 Qxb2 23. Qe7 Qd4 24. Ne4 Rb7 25. Qa3 Be6 26. Nc5 Rbb8 27.
Nxa6 Ra8 28. Nc5 Bd5 29. Rd3 Qf4 30. Qc3 Rfe8 31. Rxe8+ Rxe8 32. Rg3 Qe5 33.
Qxe5 Rxe5 34. Re3 Rg5 35. g4 Bc4 36. Nb7 Ba6 37. Nd6 Ra5 38. Re8+ Kh7 39. Nxf7
Rxa4 40. Ne5 Re4 41. Kg2 c5 42. Kg3 c4 43. Re6 Bb7 44. Nd7 Rxe6 1/2-1/2

[Event "XXXVIII Festival A"]
[Site "Imperia ITA"]
[Date "1996.09.??"]
[Round "5"]
[White "De Palma, Fabrizio"]
[Black "Coutton, Sylvain"]
[WhiteElo "1866"]
[BlackElo "2155"]
[Result "0-1"]
[PlyCount "64"]
[EventDate "1996.09.01"]

1. d4 Nf6 2. Nf3 c5 3. d5 b5 4. c4 Bb7 5. Nc3 b4 6. Qb3 Qc8 7. Nd1 d6 8. e3 g6
9. Bd3 Bg7 10. O-O O-O 11. e4 Nbd7 12. Bg5 a5 13. a4 h6 14. Bf4 Ng4 15. Rc1
Nge5 16. Nxe5 Nxe5 17. Be2 f5 18. exf5 Qxf5 19. Bg3 h5 20. Ne3 Qf6 21. Qc2 Nf7
22. b3 Bc8 23. h4 Nh6 24. Bd3 g5 25. hxg5 Qxg5 26. Qe2 Bd4 27. Rc2 Rf7 28. Be4
Bd7 29. Bf3 h4 30. Bh2 Raf8 31. Kh1 Kh8 32. Be4 Bxe3 0-1

[Event "XXXVIII Festival A"]
[Site "Imperia ITA"]
[Date "1996.09.??"]
[Round "5"]
[White "Garano, Nicola"]
[Black "Cirabisi, Federico"]
[WhiteElo "2125"]
[BlackElo "2180"]
[Result "1-0"]
[PlyCount "61"]
[EventDate "1996.09.01"]

1. e4 Nf6 2. e5 Nd5 3. d4 d6 4. Nf3 dxe5 5. Nxe5 g6 6. Bc4 c6 7. Qf3 Be6 8. Nd2
Bg7 9. Qe2 O-O 10. Ndf3 Nc7 11. Bxe6 Nxe6 12. Be3 Na6 13. Nxc6 Qd6 14. Nce5
Rac8 15. c3 f6 16. Nd3 f5 17. O-O f4 18. Bd2 g5 19. Rfe1 Rf6 20. Nfe5 Rcf8 21.
Ng4 Nac7 22. Nxf6+ Rxf6 23. Qe5 Qa6 24. Nb4 Qa4 25. Qe4 Qd7 26. Qxb7 f3 27. Qc6
Qd8 28. Qc4 Qe8 29. d5 Qh5 30. dxe6 Rh6 31. Qxc7 1-0

[Event "XXXVIII Festival A"]
[Site "Imperia ITA"]
[Date "1996.09.??"]
[Round "5"]
[White "Garrido, Denis"]
[Black "Botta, Tibor"]
[WhiteElo "2215"]
[BlackElo "2215"]
[Result "1-0"]
[PlyCount "89"]
[EventDate "1996.09.01"]

1. d4 d5 2. c4 e6 3. Nc3 Nf6 4. cxd5 exd5 5. Bg5 Nbd7 6. e3 Be7 7. Qc2 O-O 8.
Bd3 Re8 9. Nge2 Nf8 10. O-O c6 11. f3 Nh5 12. Bxe7 Qxe7 13. e4 dxe4 14. fxe4
Qg5 15. Kh1 Bg4 16. Bc4 Re7 17. Rf2 Ng6 18. Raf1 Rf8 19. Qb3 Nh8 20. a4 Qg6 21.
Nf4 Nxf4 22. Rxf4 Bc8 23. Qb4 Ree8 24. Qa5 Qd6 25. Qxa7 Qb4 26. Qc5 Qxb2 27. a5
Be6 28. Na4 Qd2 29. R4f2 Qe3 30. d5 Qxc5 31. Nxc5 cxd5 32. exd5 Bc8 33. Rb2 Re7
34. d6 Re5 35. Nxb7 Bxb7 36. Rxb7 Rxa5 37. Re7 Raa8 38. d7 Rad8 39. Bb5 f6 40.
Bc4+ Nf7 41. Rfe1 g6 42. Rxf7 Rxf7 43. Re8+ Kg7 44. Rxd8 Re7 45. h3 1-0

[Event "XXXVIII Festival A"]
[Site "Imperia ITA"]
[Date "1996.09.??"]
[Round "5"]
[White "Jurek, Josef"]
[Black "Luciani, Carlo"]
[WhiteElo "2380"]
[BlackElo "2290"]
[Result "1/2-1/2"]
[PlyCount "65"]
[EventDate "1996.09.01"]

1. Nf3 Nf6 2. c4 d6 3. d4 Nbd7 4. Nc3 e5 5. g3 g6 6. Bg2 Bg7 7. O-O O-O 8. e4
c6 9. h3 Qb6 10. Re1 exd4 11. Nxd4 Ne8 12. Nb3 a5 13. Be3 Qb4 14. a3 Qxc4 15.
Nd4 f6 16. f4 Qf7 17. h4 f5 18. exf5 gxf5 19. Nxc6 bxc6 20. Bxc6 Nc7 21. Qxd6
Nf6 22. Bb6 Nce8 23. Qc5 Nd7 24. Bxd7 Bxd7 25. Rad1 Be6 26. Qc6 Bxc3 27. bxc3
Ng7 28. Re3 Rfc8 29. Qd6 Bb3 30. Re7 Ne8 31. Qe5 Qg6 32. Kh2 Qxb6 33. Red7
1/2-1/2

[Event "XXXVIII Festival A"]
[Site "Imperia ITA"]
[Date "1996.09.??"]
[Round "5"]
[White "Keller, Rudolf"]
[Black "Faraci, Antonino"]
[WhiteElo "2280"]
[BlackElo "2015"]
[Result "1-0"]
[PlyCount "65"]
[EventDate "1996.09.01"]

1. e4 c5 2. Nf3 d6 3. Bb5+ Bd7 4. Bxd7+ Nxd7 5. O-O Ngf6 6. Re1 e6 7. c3 Be7 8.
d4 cxd4 9. cxd4 d5 10. e5 Ne4 11. Nbd2 Nxd2 12. Bxd2 O-O 13. Rc1 Qb6 14. Qa4
Nb8 15. Re3 Qa6 16. Qxa6 Nxa6 17. Rb3 b6 18. a3 Rfc8 19. Rbc3 Rxc3 20. Rxc3 Kf8
21. b4 Ke8 22. b5 Nb8 23. Rc8+ Kd7 24. Rg8 g6 25. Ng5 Bxg5 26. Bxg5 a6 27. bxa6
Kc7 28. Be7 Rxa6 29. Bd6+ Kc6 30. Rxb8 Ra4 31. Bb4 Ra7 32. f4 Kb5 33. Rc8 1-0

[Event "XXXVIII Festival A"]
[Site "Imperia ITA"]
[Date "1996.09.??"]
[Round "5"]
[White "Lacrosse, Marc"]
[Black "Karl, Hans"]
[WhiteElo "2250"]
[BlackElo "2255"]
[Result "1/2-1/2"]
[PlyCount "20"]
[EventDate "1996.09.01"]

1. d4 Nf6 2. c4 g6 3. Nc3 Bg7 4. e4 d6 5. Nf3 O-O 6. Be2 Bg4 7. Be3 Nfd7 8. Rc1
c5 9. d5 Na6 10. O-O Nc7 1/2-1/2

[Event "XXXVIII Festival A"]
[Site "Imperia ITA"]
[Date "1996.09.??"]
[Round "5"]
[White "Lips, Frantisek"]
[Black "Everet, Alexandro"]
[WhiteElo "2048"]
[BlackElo "2130"]
[Result "1-0"]
[PlyCount "75"]
[EventDate "1996.09.01"]

1. d4 d5 2. Nf3 g6 3. c4 c6 4. Nc3 Bg7 5. Bf4 Nf6 6. e3 Bg4 7. cxd5 cxd5 8.
Bb5+ Nbd7 9. O-O O-O 10. Rc1 a6 11. Be2 Rc8 12. Qb3 Nb6 13. Ne5 Be6 14. Nd3 Ne4
15. Rfd1 Nxc3 16. Rxc3 Rxc3 17. Qxc3 Nd7 18. Rc1 Qa8 19. Qc7 Re8 20. h3 Bf8 21.
Qa5 b6 22. Qd2 Nf6 23. Rc7 Rd8 24. Ne5 Ne8 25. Rc2 f6 26. Nc6 Rd7 27. Nb8 Rb7
28. Nxa6 Bf5 29. Bd3 Bxd3 30. Qxd3 e5 31. dxe5 Ra7 32. Nb8 Qxb8 33. Qxd5+ Kh8
34. exf6 Qa8 35. Qe6 Bc5 36. Be5 Rxa2 37. Rxc5 Ra1+ 38. Kh2 1-0

[Event "XXXVIII Festival A"]
[Site "Imperia ITA"]
[Date "1996.09.??"]
[Round "5"]
[White "Mambrini, Augusto"]
[Black "Jandourek, Lukas"]
[WhiteElo "2200"]
[BlackElo "2220"]
[Result "1/2-1/2"]
[PlyCount "98"]
[EventDate "1996.09.01"]

1. d4 d5 2. Nf3 Nf6 3. Bf4 c6 4. c3 Bf5 5. e3 e6 6. Be2 h6 7. h3 Be7 8. Nbd2
Nbd7 9. O-O O-O 10. Ne5 Nxe5 11. Bxe5 Nd7 12. Bh2 c5 13. dxc5 Nxc5 14. Nb3 Qb6
15. Nxc5 Bxc5 16. Qb3 Qxb3 17. axb3 Rfd8 18. b4 Be7 19. Ra2 a6 20. Rfa1 Rac8
21. b5 axb5 22. Bxb5 Bc5 23. Be5 Kf8 24. Bd4 f6 25. Bf1 Ke7 26. Bxc5+ Rxc5 27.
Ra7 Rc7 28. R1a4 e5 29. g4 Bd7 30. Rb4 Bc6 31. Bd3 Kd6 32. Bf5 b5 33. Ra5 Kc5
34. Rb3 d4 35. cxd4+ exd4 36. Rd3 Re7 37. Ra1 Be4 38. Rc1+ Kb4 39. Bxe4 Rxe4
40. Kg2 Rde8 41. exd4 Rd8 42. Rcd1 Re2 43. d5 Rxb2 44. d6 Rd7 45. Rc1 Ka5 46.
Rc5 Kb6 47. Rdd5 b4 48. Rb5+ Kc6 49. Rbc5+ Kb6 1/2-1/2

[Event "XXXVIII Festival A"]
[Site "Imperia ITA"]
[Date "1996.09.??"]
[Round "5"]
[White "Marinescu, Marian"]
[Black "Blasco, Domenico"]
[WhiteElo "2130"]
[BlackElo "2220"]
[Result "1/2-1/2"]
[PlyCount "54"]
[EventDate "1996.09.01"]

1. d4 Nf6 2. Nf3 c5 3. e3 b6 4. Bd3 e6 5. O-O Be7 6. Nbd2 O-O 7. Qe2 Nc6 8. c3
Qc7 9. dxc5 bxc5 10. e4 Ng4 11. Nc4 d5 12. Ne3 Nf6 13. exd5 exd5 14. Nf5 Bxf5
15. Bxf5 Rfe8 16. Qc2 g6 17. Bd3 Bf8 18. Rd1 Ne5 19. Nxe5 Qxe5 20. g3 c4 21.
Bf1 Bc5 22. Bf4 Qh5 23. Rd2 Re7 24. Be2 Qh3 25. Bf1 Qh5 26. Be2 Qh3 27. Bf1 Qh5
1/2-1/2

[Event "XXXVIII Festival A"]
[Site "Imperia ITA"]
[Date "1996.09.??"]
[Round "5"]
[White "Minnebo, Alain"]
[Black "Krouzel, Jaroslav"]
[WhiteElo "2214"]
[BlackElo "2240"]
[Result "1-0"]
[PlyCount "67"]
[EventDate "1996.09.01"]

1. c4 f5 2. g3 Nf6 3. Bg2 g6 4. Nf3 Bg7 5. Nc3 O-O 6. O-O d6 7. d4 Nc6 8. d5
Ne5 9. Nd2 g5 10. f4 gxf4 11. gxf4 Ng6 12. Nf3 c6 13. Qd3 cxd5 14. cxd5 Bd7 15.
Kh1 Qe8 16. Bd2 Bh6 17. e3 Ne4 18. Nd4 Nxd2 19. Qxd2 Rc8 20. Bh3 Kh8 21. Rg1
Qf7 22. Bf1 Rg8 23. Bb5 Bxb5 24. Ndxb5 Nh4 25. Rg3 a6 26. Nd4 Bg7 27. Rag1 Rxc3
28. Ne6 Rcc8 29. Nxg7 Ng6 30. Ne6 Qf6 31. Rh3 b5 32. Rh6 Rc4 33. Qd1 Qxb2 34.
Rxh7+ 1-0